000 00619nam a2200241Ia 4500
005 20260320201158.0
008 008 262003s9999 xx 000 0 eng d
037 _aEBOOK
040 _aCRL
040 _beng
040 _cCRL
041 _2eng
041 _aeng
084 _qCRL
100 _aMarkel
_91133840
245 0 _aWriting in the Technical Fields: A Step-by-Step Guide for Engineers, Scientists, and Technicians
260 _bIEEE
260 _c1994
856 _uhttps://ieeexplore.ieee.org/servlet/opac?bknumber=5273151
942 _cEBOOK
999 _c1719418
_d1719418